| 000 | 00521nam a2200193Ia 4500 | ||
|---|---|---|---|
| 003 | OSt | ||
| 005 | 20200729103834.0 | ||
| 008 | 190216s9999||||xx |||||||||||||| ||und|| | ||
| 020 | _a9780071002769 | ||
| 040 | _coclc | ||
| 082 |
_a515 _bRUD/R |
||
| 100 |
_aRudin, Walter _93732 |
||
| 245 | 0 |
_aReal And Complex Analysis / _cWalter Rudin |
|
| 250 | _a3rd Ed. | ||
| 260 |
_bMcgraw -hill, _c1987. _aNew York: |
||
| 300 | _a416p | ||
| 650 | _aMathematics | ||
| 942 |
_cBK _2ddc _h515 _iRUD/R _k515 _mRUD/R |
||
| 999 |
_c31204 _d31204 |
||